Statistiche per Nomi dei calciatori - Quiz n°66

Clicka qui per fare il quiz!

Statistiche generali

  • Questo quiz è stato fatto 14 volte
  • Il punteggio medio è 9 su 10

Statistiche sulle risposte

HintRisposta% Corretto
LucarelliAlessandro
100%
OsvaldoDaniel
100%
MbappéKylian
100%
BraithwaiteMartin
100%
KalinićNikola
100%
DžemailiBlerim
92%
BłaszczykowskiJakub
92%
JovićLuka
92%
HandanovičSamir
92%
GoretzkaLeon
67%

Distribuzione punteggi

Percentile per numero di risposta

Percentuale di utenti per punteggio

I tuoi punteggi nel tempo

Non hai fatto questo quiz